| 000 | 00768nab a2200241u 4500 | ||
|---|---|---|---|
| 001 | 23110 | ||
| 003 | HDC | ||
| 007 | c| |||a|c|aaaa | ||
| 008 | 210315b20170418my ||||| |||| 00| 0 may d | ||
| 040 | _aHDC | ||
| 100 |
_aAnwar Hussin / _eAuthor _99664 |
||
| 245 | 0 |
_aProduk halal Malaysia ke Indonesia dibincang / _cAnwar Hussin |
|
| 336 |
_atext _2rdacontent |
||
| 337 |
_acomputer _2rdamedia |
||
| 338 |
_aonline resource _2rdacarrier |
||
| 650 |
_ahalal products _9642 |
||
| 650 |
_aJAKIM _97825 |
||
| 710 | _aBERITA HARIAN | ||
| 856 | _zRequest full-text at [email protected] | ||
| 942 | _2lcc | ||
| 942 | _cNEWS | ||
| 942 | _kNWSC 005089 | ||
| 999 |
_c20426 _d20426 |
||